International Business (Record no. 346533)
[ view plain ]
| 000 -LEADER | |
|---|---|
| fixed length control field | 01516 a2200241 4500 |
| 003 - CONTROL NUMBER IDENTIFIER | |
| control field | OSt |
| 005 - DATE AND TIME OF LATEST TRANSACTION | |
| control field | 20180116182821.0 |
| 008 - FIXED-LENGTH DATA ELEMENTS--GENERAL INFORMATION | |
| fixed length control field | 170824b xxu||||| |||| 00| 0 eng d |
| 020 ## - INTERNATIONAL STANDARD BOOK NUMBER | |
| International Standard Book Number | 0471383503 (hardcover) |
| 020 ## - INTERNATIONAL STANDARD BOOK NUMBER | |
| International Standard Book Number | (WIE) 0471429376 (hardcover) |
| 040 ## - CATALOGING SOURCE | |
| Transcribing agency | 0 |
| 082 04 - DEWEY DECIMAL CLASSIFICATION NUMBER | |
| Classification number | 382.1 SHE 2004 |
| 100 1# - MAIN ENTRY--PERSONAL NAME | |
| Personal name | Oded Shenkar |
| 245 10 - TITLE STATEMENT | |
| Title | International Business |
| Statement of responsibility, etc. | Oded Shenkar, Yadong Luo. |
| 250 ## - EDITION STATEMENT | |
| Edition statement | 1st ed. |
| 260 ## - PUBLICATION, DISTRIBUTION, ETC. | |
| Place of publication, distribution, etc. | [S.l.] : |
| Name of publisher, distributor, etc. | Wiley, |
| Date of publication, distribution, etc. | 2003. |
| 300 ## - PHYSICAL DESCRIPTION | |
| Extent | Unpaged; |
| Dimensions | 29 cm. |
| Other physical details | HB |
| 440 ## - SERIES STATEMENT/ADDED ENTRY--TITLE | |
| Title | International Business |
| 520 ## - SUMMARY, ETC. | |
| Summary, etc. | Now there’s an International Business text that truly goes beyond a US-centered perspective to take into consideration the business realities in other countries and their unique perspectives, highlighting the role of culture in international business and illustrating how its impacts as well as that of political, legal and social institutions permeates all business functions and processes. Oded Shenkar and Yadong Luo’s INTERNATIONAL BUSINESS offers a highly integrated and action-focused approach to the field that helps students make explicit connections across concepts and functions, develop the skill they need to address various IB issues and problems, and most importantly, broaden their understanding of the global business environment and its repercussions for executiv |
| 700 ## - ADDED ENTRY--PERSONAL NAME | |
| Personal name | Luo, Yado |
| 856 ## - ELECTRONIC LOCATION AND ACCESS | |
| Materials specified | Amazon.com |
| Uniform Resource Identifier | <a href="http://www.amazon.com/exec/obidos/ASIN/0471383503/chopaconline">http://www.amazon.com/exec/obidos/ASIN/0471383503/chopaconline</a> |
| 942 ## - ADDED ENTRY ELEMENTS (KOHA) | |
| Institution code [OBSOLETE] | NBS |
| Koha item type | Book |
| Call number prefix | 382.1 SHE 2004 |
| Source of classification or shelving scheme | |
| Withdrawn status | Lost status | Damaged status | Not for loan | Permanent Location | Current Location | Date acquired | Total Checkouts | Full call number | Barcode | Date last seen | Date last checked out | Price effective from | Koha item type |
|---|---|---|---|---|---|---|---|---|---|---|---|---|---|
| Central Library (CL) | Central Library (CL) | 08/28/2013 | 2 | 658.043 SHE | NBS5943 | 11/23/2017 | 08/28/2017 | 08/28/2013 | Book |
